Famous Left-Handers - Statistics

General Stats
  • This quiz has been taken 407 times
  • The average score is 15 of 24
Answer Stats
Hint Answer % Correct
Current U.S.A president Barack Obama
92%
Painted the Mona Lisa Leonardo Da Vinci
89%
Famous green Muppet Kermit the Frog
83%
Invented the Model T Henry Ford
82%
British Queen with an age named after her Queen Victoria
81%
Guitarist for The Beatles Paul McCartney
78%
Introduced Communism to Cuba Fidel Castro
77%
Emperor of France, exiled to Elba Napoleon Bonaparte
77%
Frontman of Nirvana Kurt Cobain
73%
Et tu, Brute! Julius Caesar
72%
Deaf-blind person who graduated from college Helen Keller
70%
Second on the Moon Buzz Aldrin
67%
British chef known for his fiery temper Gordon Ramsay
64%
King of Macedonia Alexander the Great
62%
2nd U.S.A. president to be impeached Bill Clinton
60%
Wrote "Alice in Wonderland" Lewis Carroll
55%
Drummer of Genesis Phil Collins
55%
Greatest guitarist ever according to Rolling Stone Jimi Hendrix
51%
Wrote "War of the Worlds" H.G. Wells
44%
Created "The Simpsons" Matt Groening
43%
Won 7 medals at the Olympics Mark Spitz
30%
Founder of the Holy Roman Empire Charlemagne
27%
Created optical illusion drawings M.C. Escher
21%
Guitarist for They Might Be Giants John Flansburgh
1%
No matching quizzes found
Score Distribution
Percent of People with Each Score
Percentile by Number Answered
Your Score History
You have not taken this quiz